Central Library OPAC University of Rajshahi

The letters of Gerard Manley Hopkins to Robert Bridges / (Record no. 20533)

MARC details
000 -LEADER
fixed length control field 01293cam a22003131 4500
001 - CONTROL NUMBER
control field 20533
003 - CONTROL NUMBER IDENTIFIER
rucl marc code BD-RjUL
005 - DATE AND TIME OF LATEST TRANSACTION
control field 20211209000558.0
008 - FIXED-LENGTH DATA ELEMENTS--GENERAL INFORMATION
fixed length control field 140301r19551935enkach b 001 0aeng
035 ## - SYSTEM CONTROL NUMBER
System control number (BD-RjUL)20595
System control number (OCoLC)360638
040 ## - CATALOGING SOURCE
Original cataloging agency DLC
Transcribing agency ODaWU
Modifying agency BD-RjUL
Language of cataloging eng
041 ## - LANGUAGE CODE
Language code of text/sound track or separate title eng
082 00 - DEWEY DECIMAL CLASSIFICATION NUMBER
Classification number 928.2
Author mark and year HOL 1955
100 1# - MAIN ENTRY--PERSONAL NAME
Personal name Hopkins, Gerard Manley,
Dates associated with a name 1844-1889.
9 (RLIN) 63350
245 14 - TITLE STATEMENT
Title The letters of Gerard Manley Hopkins to Robert Bridges /
Statement of responsibility, etc. Edited with notes & an introd. by Claude Colleer Abbott.
260 ## - PUBLICATION, DISTRIBUTION, ETC. (IMPRINT)
Place of publication, distribution, etc. London ;
-- New York :
Name of publisher, distributor, etc. Oxford University Press,
Date of publication, distribution, etc. 1935 [Impression 1955].
300 ## - PHYSICAL DESCRIPTION
Pagination xlvii, 324 p. :
Illustrations illus., ports., facsims. ;
Size 23 cm.
500 ## - GENERAL NOTE
General note "The correspondence of Gerard Manley Hopkins and Richard Watson Dixon is referred to throughout as volume II. The appendixes, and also the index to both volumes ... will be found there."
504 ## - BIBLIOGRAPHY, ETC. NOTE
Bibliography, etc Includes bibliographical references and index.
600 10 - SUBJECT ADDED ENTRY--PERSONAL NAME
Personal name Hopkins, Gerard Manley,
Dates associated with a name 1844-1889
Personal name Bridges, Robert,
Dates associated with a name 1844-1930
610 20 - SUBJECT ADDED ENTRY--CORPORATE NAME
Corporate name or jurisdiction name as entry element Jesuits
Geographic subdivision England
650 #0 - SUBJECT ADDED ENTRY--TOPICAL TERM
Topical term or geographic name as entry element Poets, English
Chronological subdivision 19th century
Form subdivision Correspondence.
9 (RLIN) 63353
700 1# - ADDED ENTRY--PERSONAL NAME
Personal name Abbott, Claude Collee.
942 ## - ADDED ENTRY ELEMENTS (KOHA)
Source of classification or shelving scheme Dewey Decimal Classification
Koha item type Books
Holdings
Lost status Source of classification or shelving scheme Damaged status Not for loan Collection code Permanent Location Current Location Shelving location Date acquired Source of acquisition Cost, normal purchase price Total Checkouts Full call number Date last seen Copy number Koha item type
  Dewey Decimal Classification     Non-fiction Central Library, University of Rajshahi Central Library, University of Rajshahi   24/09/1970 Zeitlinger 75.00   928.2 HOL 1955 01/03/2014 C-4 Books
  Dewey Decimal Classification     Non-fiction Central Library, University of Rajshahi Central Library, University of Rajshahi   20/03/1964 Zeitlinger 63.00   928.2 HOL 1955 05/03/2014 C-2 Books
  Dewey Decimal Classification   Not For Loan Non-fiction Central Library, University of Rajshahi Central Library, University of Rajshahi Reading Room 20/03/1964 Zeitlinger 63.00   928.2 HOL 1955 05/07/2025 C-1 Books